Every 100,000+ city in USA: Missouri - Statistics

General Stats
  • This quiz has been taken 64 times
  • The average score is 7 of 9
Answer Stats
Letter Population City % Correct
K-C 1,749,037 Kansas City
98%
S-L 2,160,059 St. Louis
98%
S 238,905 Springfield
96%
C 151,028 Columbia
81%
I 125,591 Independence
81%
J 108,322 Joplin
73%
S-C 312,490 St Charles
71%
L-S 103,076 Lee's Summit
58%
O 110,037 O'Fallon
44%
No matching quizzes found
Score Distribution
Percent of People with Each Score
Percentile by Number Answered
Your Score History
You have not taken this quiz